000 00646nam a2200229Ia 4500
003 OSt
005 20220925195038.0
006 a|||||r|||| 00| 0
007 ta
008 220923b |||||||| |||| 00| 0 eng d
037 _cGeneral Book
040 _aRTL
_cRTL
_beng
041 _2eng
_aeng
082 _aX9:56.2.N78r, L8/GD
110 _aHARYANA FINANCIAL CORPORATION
_9253152
245 0 _a11th annual report 1978.
260 _aChandigarh
_bHFC
_c1978
300 _aiv,89p.
_ccm.
700 _aHARYANA FINANCIAL CORPORATION
_9253153
942 _hX9:56.2.N78r, L8/GD
_cGB
_2CC
999 _c531613
_d531613